| 000 | 00933nam a22002417a 4500 | ||
|---|---|---|---|
| 005 | 20250703144926.0 | ||
| 007 | cr |||aaa||||| | ||
| 008 | 250618s2020 ck|ao||foz||| 001 m spa d | ||
| 020 | _a9789587227260 | ||
| 040 |
_aMX-MxUPN _bspa _cMX-MxUPN _eaacr2 |
||
| 041 | _aspa | ||
| 050 | _aLB1060 | ||
| 245 |
_aNuestras Voces : _buna apuesta pedagógica para la participación en los procesos de aprendizaje de los estudiantes emberas _h[recurso electrónico en línea] |
||
| 260 |
_aPereira, Colombia : _bUniversidad Tecnológica de Pereira, _c2020 |
||
| 300 |
_a1 recurso electrónico (79 páginas) : _bPDF |
||
| 500 | _aIncluye bibliografía | ||
| 650 | 0 |
_aInterculturalidad en el aula _957091 |
|
| 650 | 4 |
_aAprendizaje en equipo (Educación) _913722 |
|
| 700 |
_aGarzón Osorio, Martha Lucía _4coordinación _957042 |
||
| 856 | _uhttps://hdl.handle.net/11059/14321 | ||
| 902 | _aMaiella Martínez | ||
| 942 |
_2lcc _cLIBRO-E |
||
| 999 |
_c213545 _d213545 |
||